Санитарные правила обращения с радиоактивными отходами (СПОРО - 2002): Санитарные правила СП 2.6.6.1168-02
| Iaith: | Rwseg |
|---|---|
| Cyhoeddwyd: |
Москва, Федеральный центр госсанэпиднадзора Минздрава России, 2003
|
| Rhifyn: | Изд. официальное |
| Cyfres: | 2.6.6. Радиоактивные отходы Государственное санитарно-эпидемиологическое нормирование Российской Федерации Государственные санитарно-эпидемиологические правила и нормативы |
| Pynciau: | |
| Fformat: | Llyfr |
| KOHA link: | https://koha.lib.tpu.ru/cgi-bin/koha/opac-detail.pl?biblionumber=62914 |
MARC
| LEADER | 00000nam0a2200000 4500 | ||
|---|---|---|---|
| 001 | 62914 | ||
| 005 | 20231031063905.0 | ||
| 010 | |a 5750803414 | ||
| 029 | 0 | 0 | |a RU |b 2.6.6.1168-02 |c СП |
| 035 | |a (RuTPU)RU\TPU\book\66735 | ||
| 090 | |a 62914 | ||
| 100 | |a 20040422d2003 k y0rusy50 ca | ||
| 101 | 0 | |a rus | |
| 102 | |a RU | ||
| 105 | |a y l 001zy | ||
| 200 | 1 | |a Санитарные правила обращения с радиоактивными отходами (СПОРО - 2002) |e Санитарные правила СП 2.6.6.1168-02 | |
| 205 | |a Изд. официальное | ||
| 210 | |a Москва |c Федеральный центр госсанэпиднадзора Минздрава России |d 2003 | ||
| 215 | |a 62 с. | ||
| 225 | 1 | |a 2.6.6. Радиоактивные отходы | |
| 225 | 1 | |a Государственное санитарно-эпидемиологическое нормирование Российской Федерации | |
| 225 | 1 | |a Государственные санитарно-эпидемиологические правила и нормативы | |
| 229 | |a Взамен СП СПРО-85 |a Утв. Гл. гос. санитар. врачом РФ 16.10.02 |a Введ. в действие 1.01.03 Постановлением Гл. гос. санитар. врача РФ № 33 от 23.10.02 | ||
| 320 | |a Библиогр.: с. 59-61 | ||
| 610 | 1 | |a радиоактивные отходы | |
| 610 | 1 | |a образование | |
| 610 | 1 | |a классификация | |
| 610 | 1 | |a радиационная безопасность | |
| 610 | 1 | |a транспортирование | |
| 610 | 1 | |a переработка | |
| 610 | 1 | |a хранение | |
| 610 | 1 | |a захоронения | |
| 610 | 1 | |a дезактивация | |
| 610 | 1 | |a аварии | |
| 610 | 1 | |a ликвидация | |
| 610 | 1 | |a индивидуальная защита | |
| 610 | 1 | |a личная гигиена | |
| 610 | 1 | |a санитарные правила | |
| 610 | 1 | |a СанПин 2.6.6.1168-02 | |
| 675 | |a 621.039.7(083.13) |v 3 | ||
| 801 | 1 | |a RU |b 63413507 |c 20040422 |g PSBO | |
| 801 | 2 | |a RU |b 63413507 |c 20221205 |g PSBO | |
| 942 | |c BK | ||